Who's Buried in Grant's Tomb and Other Questions Quiz Stats

 Plays Quiz not verified by Sporcle

Challenge
Share
Tweet
Embed
Score 0/25 Timer 06:00
0 Plays Today
Question Answer Wrong Answers
During what month does Oktoberfest begin? September
79.6%
August
4.1%
January
0.5%
October
10.6%
What is the capital of Australia? Canberra
75.8%
Sydney
9.7%
Melbourne
9.2%
Perth
4.9%
What is the only country named after a chemical element? Argentina
64.4%
India
13%
France
7.9%
Germany
11.9%
How many members are there in the band, Ben Folds Five? 3
61.2%
5
14.8%
1
15.2%
2
6.9%
Which US state has its capital in Charleston? West Virginia
56.4%
South Carolina
22.6%
North Carolina
7.1%
Virginia
5.9%
Who wrote the literary classic The Invisible Man? H.G. Wells
53.8%
Ralph Ellison
29.5%
James Baldwin
6.1%
Richard Wright
6.5%
Which of these US Presidents was impeached? Andrew Johnson
52.2%
Andrew Jackson
11.9%
Richard Nixon
27.9%
Warren Harding
4%
What is the first name of King George VI of England? Albert
49.1%
Frederick
14.6%
Arthur
13.2%
George
18.2%
What living creatures are the Canary Islands named after? dogs
48.7%
canaries
20.4%
snakes
12.5%
human cannibals
10.7%
What city the Braves baseball team first play in? Boston
47.8%
Milwaukee
24.8%
Atlanta
16.5%
Braverton
6.1%
What country is the origin of the Panama hat? Ecuador
47.2%
Panama
9%
United States
32.9%
Argentina
7.4%
What category did Winston Churchill win his Nobel Prize in? Literature
44.3%
Economics
21%
Peace
30.7%
Medicine
3%
Who is buried in Grant's Tomb? No one is buried at that site
42.3%
His Wife Julia
2.5%
Both of them
18.4%
Ulysses Grant
36.5%
Which of these cities is NOT a capital of South Africa? Johannesburg
42.1%
Cape Town
17.3%
Bloemfontein
24.4%
Pretoria
9.2%
How many official 'States' are there in the United States? 46
41.4%
50
55.8%
13
2.1%
100
0.6%
In the Catholic church, the immaculate conception refers to the sin-free birth of what person? Mary
41.2%
Jesus
48.7%
Joseph
1.6%
John the Baptist
3.1%
Who does Romeo kill first in Romeo and Juliet? Tybalt
40.7%
Mercutio
20.1%
Himself
30.8%
Paris
5.9%
Who was the father of Indira Gandhi? Jawaharlal Nehru
37.4%
Mahatma Gandhi
31%
Bhagat Singh
9.1%
Rajiv Gandhi
16.2%
Who directed the movie Aliens? James Cameron
35.9%
Ridley Scott
46%
Tony Scott
6%
David Fincher
4.7%
What is the only planet in our solar system named after a Greek god? Uranus
35.3%
Neptune
24.3%
Saturn
9.5%
Mars
25%
What is the national sport of Canada? Lacrosse
33.5%
Ice Hockey
47.3%
Field Hockey
5.3%
Canadian Rules Football
3.6%
Which actress was on Charlie's Angels for all 5 seasons? Jaclyn Smith
30.9%
Kate Jackson
27.9%
Farrah Fawcett
21.8%
Cheryl Ladd
12.1%
What language is spoken by the most people in Belgium? Dutch
30.9%
French
41.6%
German
11.4%
English
10%
What is the first name of the person referred to in 'Dr. Livingstone, I presume?' David
26.6%
Stanley
41.3%
Henry
19.8%
Morton
5.5%
Which US State capital has the highest altitude? Santa Fe
22.6%
Denver
50.1%
Juneau
15.8%
Carson City
6%

You're not logged in!

Compare scores with friends on all Sporcle quizzes.
Join for Free
OR
Log In

You Might Also Like...

Show Comments

Extras

Editor's Pick Apr 2, 2017ReportNominate
Tags:Grab Bag Quiz, odd, trivia

Top Quizzes Today


Score Distribution

Your Account Isn't Verified!

In order to create a playlist on Sporcle, you need to verify the email address you used during registration. Go to your Sporcle Settings to finish the process.

Report this User

Report this user for behavior that violates our Community Guidelines.

Details: